| 000 | 00000nas 2200000za 4500 |
| 001 | 9.833195 |
| 003 | CaOODSP |
| 005 | 20221107150151 |
| 007 | cr ||||||||||| |
| 008 | 170228d19571978oncmr p oss f0###a0eng|d |
| 022 | |y0380-6944 |
| 040 | |aCaOODSP|beng |
| 041 | |aeng|afre |
| 043 | |an-cn--- |
| 086 | 1 |aCS44-002-PDF |
| 245 | 00|aConcrete products |h[electronic resource]. |
| 246 | 13|aProduits en béton|fJune 1969-Dec. 1978 |
| 260 | |aOttawa : |bDominion Bureau of Statistics, Industry and Merchandising Division, Metal and Chemical Products Section, |c1957-1979. |
| 310 | |aMonthly |
| 362 | 0 |aVol. 9, no. 3 (Mar. 1957)-v. 30, no. 12 (Dec. 1978). |
| 500 | |aTitle from caption. |
| 500 | |aDigitized edition from print [produced by Statistics Canada]. |
| 546 | |aText in English only, Apr. 1957-May 1969; text in English and French, June 1969-Dec. 1978. |
| 550 | |aIssued Oct. 1958-Apr. 1963 by Industry and Merchandising Division; May 1963-Dec. 1966 by Industry Division; Jan. 1967-Dec. 1971 by Manufacturing and Primary Industry Division; Jan. 1972-Dec. 1978 by Statistics Canada, Manufacturing and Primary Industries Division. |
| 692 | 07|2gccst|aManufacturing industry |
| 692 | 07|2gccst|aStatistics |
| 710 | 1 |aCanada. |bDominion Bureau of Statistics. |bMetal and Chemical Products Section. |
| 710 | 1 |aCanada. |bDominion Bureau of Statistics. |bIndustry and Merchandising Division. |
| 710 | 1 |aCanada. |bDominion Bureau of Statistics. |bIndustry Division. |
| 710 | 1 |aCanada. |bDominion Bureau of Statistics. |bManufacturing and Primary Industries Division. |
| 710 | 1 |aCanada. |bStatistics Canada. |bManufacturing and Primary Industries Division. |
| 780 | 00|tCement and cement products |w(CaOODSP)9.833184 |
| 792 | |tConcrete products |efre|w(CaOODSP)9.833196 |